| 000 | 00482pab a2200193 454500 | ||
|---|---|---|---|
| 008 | 180718b2006 xxu||||| |||| 00| 0 eng d | ||
| 100 | _aLevitsky, Steven | ||
| 245 | _aOrganized labor and democracy in Latin America | ||
| 260 | _c2006 | ||
| 300 | _ap.21-42. | ||
| 362 | _aOct | ||
| 650 | _aDemocracy - Latin America | ||
| 650 | _aLabor - Latin America | ||
| 650 | _aLabor | ||
| 700 | _aMainwaring, Scott | ||
| 773 | _aComparative Politics | ||
| 908 | _aN | ||
| 909 | _a72352 | ||
| 999 |
_c72352 _d72352 |
||